| 000 | 00453cam a22001217a 4500 | ||
|---|---|---|---|
| 008 | 180718b2007 xxu||||| |||| 00| 0 eng d | ||
| 082 | _aA6 K96 | ||
| 100 | _aSatyagraha Centenary International Conference on Globalization of the gandhian way: sociology, politics and science of satyagraha between 1906 and 2006, (13th-20th Nov., 2007: New Delhi) | ||
| 245 | _aProceedings | ||
| 260 |
_aNew Delhi _bThe Author _c2007 |
||
| 300 | _a141p. | ||
| 650 | _aHistory | ||
| 999 |
_c493635 _d493635 |
||